Statistics for English-Spanish Borders

Click here to take the quiz!

General Stats

  • This quiz has been taken 37 times
  • The average score is 4 of 5

Answer Stats

Borders% Correct
Mexico-Belize
91%
United States-Mexico
91%
Venezuela-Guyana
88%
Belize-Guatemala
85%
Spain-United Kingdom
85%

Score Distribution

Percentile by Number Answered

Percent of People with Each Score

Your Score History

You have not taken this quiz